Countries With the Most Luxembourgers - Statistics

General Stats
  • This quiz has been taken 50 times
  • The average score is 6 of 8
Answer Stats
Hint Answer % Correct
45.000 France
100%
15.600 Germany
100%
30.000 Belgium
98%
40.600 United States
96%
~300.000 Luxembourg
91%
3.800 Canada
74%
50.000 Brazil
50%
~80.000 Argentina
39%
No matching quizzes found
Score Distribution
Percent of People with Each Score
Percentile by Number Answered
Your Score History
You have not taken this quiz